Filozofia v celostnom porozumení
Gespeichert in:
| 1. Verfasser: | |
|---|---|
| Format: | Buch |
| Sprache: | Slowakisch |
| Veröffentlicht: |
Bratislava
Ústredie slovenskej kresťanskej inteligencie
1992
|
| Ausgabe: | 2. vyd. |
| Schriftenreihe: | Edícia filozofickej sekcie
Zv. I |
| Schlagworte: | |
| Tags: |
Keine Tags, Fügen Sie das erste Tag hinzu!
|
MARC
| LEADER | 00000nam a2200000 4500 | ||
|---|---|---|---|
| 001 | c002259 | ||
| 005 | 20221214085601.7 | ||
| 020 | |a 80-85293-00-5 | ||
| 041 | 0 | |a slo | |
| 044 | |a SK | ||
| 245 | 1 | 0 | |a Filozofia v celostnom porozumení |c Ján Letz |
| 250 | |a 2. vyd. | ||
| 264 | 1 | |a Bratislava |b Ústredie slovenskej kresťanskej inteligencie |c 1992 | |
| 300 | |a 185 s. | ||
| 490 | 1 | |a Edícia filozofickej sekcie |v Zv. I | |
| 830 | 0 | |a Edícia filozofickej sekcie |v Zv. I | |
| 610 | 2 | 0 | |a filozofia |
| 610 | 2 | 0 | |a kultúra |
| 610 | 2 | 0 | |a náboženstvo |
| 610 | 2 | 0 | |a veda |
| 100 | 1 | |a Letz, Ján | |